Uniform Method of Measurement of buildings by ISM

Bibliographic Details
Format: Book
Subjects:
Online Access:http://app.inspen.gov.my:7779/pls/portal/docs/PAGE/CORPORATEPAGES/PORTAL_INSPEN/NOTA_KURSUS/BUILDING/FN.PDF

MARC

LEADER 00000cam a2200000 7i4500
001 0000005148
005 20071123.0
040 |a INS 
090 0 0 |a B01 
245 0 0 |a Uniform Method of Measurement of buildings by ISM 
500 |a Digital document is available on-line; Please click the URL below 
650 0 0 |a Building 
856 |u http://app.inspen.gov.my:7779/pls/portal/docs/PAGE/CORPORATEPAGES/PORTAL_INSPEN/NOTA_KURSUS/BUILDING/FN.PDF 
999 |a B000000004   |b BOOK   |c Course Notes   |e Default branch